000
00315nam a22001457a 4500
008
211013b ||||| |||| 00| 0 eng d
020
_a
9780863776090
041
_a
eng
080
_a
159.9
082
_a
159.9
100
_a
48
101
_a
PSI
245
_a
Childhood Disorders
_c
Kendall,P.C
942
_2
udc
_c
BK
999
_c
58195
_d
58195